Birds. (Record no. 552921)
[ view plain ]
| 000 -LEADER | |
|---|---|
| fixed length control field | 00601cam a22001811 4500 |
| 082 ## - DEWEY DECIMAL CLASSIFICATION NUMBER | |
| Classification number | 598 |
| Author Mark | BLA |
| -- | D |
| 100 1# - MAIN ENTRY--PERSONAL NAME | |
| Personal name | Oates, Eugene William, |
| 9 (RLIN) | 50199 |
| 245 10 - TITLE STATEMENT | |
| Title | Birds. |
| Statement of responsibility, etc. | By Eugene W. Oates. |
| 260 ## - PUBLICATION, DISTRIBUTION, ETC. | |
| Place of publication, distribution, etc. | London, |
| Name of publisher, distributor, etc. | Taylor and Francis; [etc., etc.] |
| Date of publication, distribution, etc. | 1889-98. |
| 300 ## - PHYSICAL DESCRIPTION | |
| Extent | 4 v. |
| Other physical details | illus. |
| Dimensions | 24 cm. |
| 500 ## - GENERAL NOTE | |
| General note | Vols. 3-4 by W. T. Blanford. |
| 505 2# - FORMATTED CONTENTS NOTE | |
| Formatted contents note | "List of the principal works quoted in the synonymy" : v. 4, p. [vii]-xiii. |
| 526 ## - STUDY PROGRAM INFORMATION NOTE | |
| Program name | 0 |
| Interest level | 0 |
| Reading level | 0 |
| Title point value | 598_000000000000000_BLA |
| 650 #0 - SUBJECT ADDED ENTRY--TOPICAL TERM | |
| Topical term or geographic name entry element | Birds |
| Geographic subdivision | India. |
| 9 (RLIN) | 50200 |
| 650 #0 - SUBJECT ADDED ENTRY--TOPICAL TERM | |
| Topical term or geographic name entry element | MCE |
| 9 (RLIN) | 379 |
| 700 1# - ADDED ENTRY--PERSONAL NAME | |
| Personal name | Blanford, William Thomas, |
| 9 (RLIN) | 50008 |
| 942 ## - ADDED ENTRY ELEMENTS (KOHA) | |
| Source of classification or shelving scheme | |
| Koha item type | Book |
| Withdrawn status | Lost status | Source of classification or shelving scheme | Damaged status | Not for loan | Permanent Location | Current Location | Shelving location | Date acquired | Total Checkouts | Full call number | Barcode | Date last seen | Price effective from | Koha item type |
|---|---|---|---|---|---|---|---|---|---|---|---|---|---|---|
| Military College of Engineering (MCE) | Military College of Engineering (MCE) | 01/27/2015 | 598 BLA | MCE-ECF/6.3 | 01/27/2015 | 01/27/2015 | Book |
